000
00261nam a2200097Ia 4500
001
687731
005
20250826161601.0
008
250824s9999 xx 000 0 und d
245
0
_a
GÜN SOLAR AKŞAMIN MATEMİNDE
_c
AHMED GÜNBAY YILDIZ
260
_b
TİMAŞ YAYINLARI
999
_c
687731
_d
687731